[Event "HUN-chT U20"]
[Site "Budapest"]
[Date "2004.12.30"]
[Round "7"]
[White "Nguyen, Van Viet"]
[Black "Hajdu, Sandor"]
[Result "1-0"]
[WhiteElo "1950"]
[BlackElo "2039"]
[PlyCount "25"]
[EventDate "2004.12.27"]
[EventType "team-tourn"]
[EventRounds "7"]
[EventCountry "HUN"]
[SourceTitle "EXT 2008"]
[Source "ChessBase"]
[SourceDate "2007.11.25"]
[SourceVersion "1"]
[SourceVersionDate "2007.11.25"]
[SourceQuality "1"]

1. d4 e5 2. dxe5 Nc6 3. Nf3 Qe7 4. Nc3 Nxe5 5. e4 c6 6. Bf4 Nxf3+ 7. Qxf3 d5 8. 0-0-0 Nf6 9. Re1 dxe4 10. Nxe4 Nxe4 11. Rxe4 Be6 12. Qe3 g6 13. Bc4 1-0

[Event "HUN-chT U20"]
[Site "Budapest"]
[Date "2004.12.29"]
[Round "5"]
[White "Istvanovszky, Martin"]
[Black "Nguyen, Van Viet"]
[Result "1-0"]
[WhiteElo "2028"]
[BlackElo "1950"]
[PlyCount "59"]
[EventDate "2004.12.27"]
[EventType "team-tourn"]
[EventRounds "7"]
[EventCountry "HUN"]
[SourceTitle "EXT 2008"]
[Source "ChessBase"]
[SourceDate "2007.11.25"]
[SourceVersion "1"]
[SourceVersionDate "2007.11.25"]
[SourceQuality "1"]

1. e4 e5 2. d4 exd4 3. Qxd4 Nc6 4. Qe3 Nf6 5. Bd2 b6 6. Nc3 Bc5 7. Qg3 Bb7 8. 0-0-0 d6 9. Nd5 g6 10. Bg5 Nxe4 11. Re1 0-0 12. Rxe4 f6 13. Bh6 Rf7 14. Re1 Ne5 15. Ne3 f5 16. h4 Qd7 17. Nh3 Qa4 18. Kb1 Be4 19. b3 Qd4 20. Nc4 Bb4 21. Rc1 Nxc4 22. bxc4 b5 23. Qe3 Qf6 24. Bg5 Qg7 25. f3 bxc4 26. Bxc4 Bc3 27. fxe4 Rb8+ 28. Bb3 a5 29. Qa7 Rb5 30. Qa8+ 1-0